|
|
|
|
| LEADER |
00000nam1a2200000 4500 |
| 001 |
75437 |
| 005 |
20231031090719.0 |
| 035 |
|
|
|a (RuTPU)RU\TPU\book\80424
|
| 035 |
|
|
|a RU\TPU\book\75196
|
| 090 |
|
|
|a 75437
|
| 100 |
|
|
|a 20050324d1972 m y0rusy50 ca
|
| 101 |
0 |
|
|a rus
|
| 102 |
|
|
|a RU
|
| 200 |
1 |
|
|a Защита от ионизирующих излучений
|e учебное пособие
|e В 2 т.
|f Под ред. Н. Г. Гусева
|
| 205 |
|
|
|a 2-е изд., перераб. и доп.
|
| 210 |
|
|
|a Москва
|c Атомиздат
|d 1980-
|
| 702 |
|
1 |
|a Гусев
|b Н. Г.
|g Николай Григорьевич
|4 340
|
| 801 |
|
1 |
|a RU
|b 63413507
|c 20041125
|g PSBO
|
| 801 |
|
2 |
|a RU
|b 63413507
|c 20050324
|g PSBO
|
| 942 |
|
|
|c BK
|